000 01157nam0a2200301 i 4500
001 RU\NLR\BIBL_A\011271882
005 20240921174854.0
010 _a9785001050575
_950
021 _aRU
_b2016-83178
_95438
035 _a(NLR Aleph) 011271882
090 _a10822105
_c10822105
100 _a20161114d2016 k y0rusy50 ca
101 0 _arus
102 _aRU
105 _aa z 000zy
200 1 _aУспешные технологии бизнеса на примере сетевых рознично-дистрибьютерских брендированных компаний
_fП. В. Грек
205 _aИзд. 3-е
210 _aСанкт-Петербург
_cЛема
_d2016
215 _a227, [1] с.
_cил.
_d21
300 _aНа 4-й с. обл. авт.: Грек П. В., к.ф.-м.н.
320 _aБиблиогр.: с. 226-227 (30 назв.)
606 1 _aПредпринимательство
_xУправление
_92217130
_3RU\NLR\AUTH\661331537
686 1 _aУ5-13-21
700 1 _aГрек
_bП. В.
_gПетр Владимирович
942 _cBOOK
980 _aNBR